• 首页
  • 本馆介绍
  • 公告通知
  • 最新文献
  • 馆藏检索
  • 电子资源
  • 读者导购
  • 参考咨询
  • 我的图书馆
  • 登录
  • 详细信息显示
  • 放入我的书架
  • 预约/预借图书
  • 作者相关作品
  • 分类相关作品
  • 丛书相关作品
  • 出版社相关作品

书目信息

  • 表格格式
  • 工作单格式
  • 卡片格式
题名:
幼儿文学教程
    
 
作者: 杨佳利 , 卜庆亮 主编
分册:  
出版信息: 郑州   郑州大学出版社  2008
页数: 306页
开本: 26cm
丛书名:
单 册:
中图分类: I058
科图分类:
主题词: 幼儿文学--幼儿师范学校--教材 , 幼儿文学
电子资源:
ISBN: 978-7-81106-629-6
000 01092nam0 2200253 45
005 20100303152732.04
010    @a978-7-81106-629-6@dCNY30.00
100    @a20100119d2009 em y0chiy0110 ea
101 0  @achi
102    @aCN@b410000
105    @ay z 000yy
106    @ar
200 1  @a幼儿文学教程@AYou Er Wen Xue Jiao Cheng@f杨佳利,卜庆亮主编 @FYang Jia Li, Bu Qing Liang Zhu Bian
210    @a郑州@c郑州大学出版社@d2008
215    @a306页@d26cm
300    @a幼儿师范学校统编教材
330    @a《幼儿文学教程》的编写者虽未从最新教育理念出发,在幼儿文学课程的定位与构建上,没能把“幼儿文学”与促进幼儿发展紧密结合起来,作大胆的尝试与突破,尽管也考虑到审美心理学和教育心理学的知识结合,但仍从文学的角度,构建教学内容,以知识传授与鉴赏分析、创作改编能力的培养为主,编著者确已尽最大努力,顺应了当代社会对幼儿园高素质师资队伍建设的需求。
606 0  @a幼儿文学@x幼儿师范学校@j教材
606 0  @a幼儿文学
690    @aI058@v4
701  0 @a杨佳利@AYang Jia Li@4主编
701  0 @a卜庆亮@ABu Qing Liang@4主编
801  0 @aCN@bTANGWEI@c20100303
905    @b0584298-302@dI058@e177@f5
    
    幼儿文学教程/杨佳利,卜庆亮主编 .-郑州:郑州大学出版社,2008
    306页;26cm
    幼儿师范学校统编教材
    
    ISBN 978-7-81106-629-6:CNY30.00
    《幼儿文学教程》的编写者虽未从最新教育理念出发,在幼儿文学课程的定位与构建上,没能把“幼儿文学”与促进幼儿发展紧密结合起来,作大胆的尝试与突破,尽管也考虑到审美心理学和教育心理学的知识结合,但仍从文学的角度,构建教学内容,以知识传授与鉴赏分析、创作改编能力的培养为主,编著者确已尽最大努力,顺应了当代社会对幼儿园高素质师资队伍建设的需求。
●
相关链接 在E读中查询图书 在五车中查询图书 在当当中查询图书 在豆瓣中查询图书


正题名:幼儿文学教程     索取号:I058/177         预约/预借

序号 登录号 条形码 馆藏地/架位号 状态 备注
1 0584298   205842980   第一样本阅览室/ [索取号:I058/177] 在馆    
2 0584299   205842999   第二借阅区/ [索取号:I058/177] 在馆    
3 0584300   205843006   第二借阅区/ [索取号:I058/177] 在馆    
4 0584301   205843015   第二借阅区/ [索取号:I058/177] 在馆    
5 0584302   205843024   第二借阅区/ [索取号:I058/177] 在馆    
唐山师范学院图书馆 欢迎您!
大连网信软件有限公司© 版权所有